| 000 | 01248nam a2200289 a 4500 | ||
|---|---|---|---|
| 001 | 000005346 | ||
| 005 | 20200929151641.0 | ||
| 008 | 090819s1981 sp a 001 0 spa d | ||
| 020 | _a8400049985 | ||
| 040 |
_aDO-SdBNP _bspa _cBNPHU |
||
| 082 |
_axxxx _bD596c |
||
| 245 | 0 | 0 |
_aDiplomatario del Cardenal Gil de Albornoz : _bcancillería pontíficia (1354-1356) / _cintroducción por Emilio Saéz y María Teresa Ferrer ; estudio diplomático por José Trenchs Odena. |
| 260 |
_aBarcelona, España : _bEscuela Nacioal de Historia y Arqueología ; _bDepartamento de Estudios Medievales, _c1981. |
||
| 300 |
_alxii, 680 p. ; _c28 cm. |
||
| 490 | 1 | _aMonumenta Albornotiana | |
| 500 | _aIncluye referencias bibliográficas y notas al pie de las páginas | ||
| 500 | _aIncluye índice onomástico y toponímico | ||
| 500 | _aMonumenta Albornotiana | ||
| 504 | _aBibliografía : p. 55 -63 | ||
| 700 | 1 |
_aSáez, Emilio _915155 |
|
| 700 | 1 |
_aFerrer, María Teresa _915156 |
|
| 700 | 1 |
_aTrenchs Odena, Josep _915157 |
|
| 710 | 1 |
_aConsejo Superior de Investigaciones Cientícas (España) _bDepartamento de Estudios Medievales _915158 |
|
| 740 | 0 | _aDiplomatario del Cardenal Gil de Albornoz | |
| 830 | 0 |
_aMonumenta Albornotiana _915159 |
|
| 049 | _aBNPD | ||
| 999 |
_c5147 _d5147 |
||